|
|
|
|
| LEADER |
02097nam a22003735i 4500 |
| 001 |
45231 |
| 003 |
BD-DhAAL |
| 005 |
20251223101310.0 |
| 008 |
250624t2025 ii 000 0 eng |
| 010 |
|
|
|a 2025350918
|
| 020 |
|
|
|a 9780143464471
|
| 025 |
|
|
|a I-E-2025350918
|
| 035 |
|
|
|a 24258923
|
| 037 |
|
|
|b Library of Congress -- New Delhi Overseas Office
|
| 040 |
|
|
|a DLC
|b eng
|e rda
|c DLC
|d BD-DhAAL
|
| 042 |
|
|
|a lcode
|
| 082 |
1 |
4 |
|a 894.814371
|2 23
|
| 100 |
1 |
|
|a Mushtaq, Banu,
|e author.
|9 59977
|
| 245 |
1 |
0 |
|a Heart lamp :
|b selected stories /
|c Banu Mushtaq; translated from the Kannada by Deepa Bhasthi.
|
| 260 |
|
|
|a Gurugram, India :
|b Penguin Random House India Pvt. Ltd.,
|c 2025.
|
| 300 |
|
|
|a 216 pages ;
|c 21 cm
|
| 500 |
|
|
|a Translated from the Kannada.
|
| 520 |
8 |
|
|a In the twelve stories of 'Heart Lamp', Banu Mushtaq exquisitely captures the everyday lives of women and girls in Muslim communities in southern India. Published originally in the Kannada language between 1990 and 2023, praised for their dry and gentle humour, these portraits of family and community tensions have garnered both censure from conservative quarters as well India's most prestigious literary awards.
|
| 526 |
8 |
|
|a AAL
|x Requisitioned by Ayesha Abed Library.
|
| 541 |
|
|
|a Book finder International
|e 45231, 45232
|
| 546 |
|
|
|a In English, translated from Kannada
|
| 650 |
|
|
|a Muslim women
|z India
|v Fiction.
|9 59978
|
| 650 |
|
|
|a Muslim girls
|z India
|v Fiction.
|9 59979
|
| 651 |
|
|
|a India, South
|v Fiction.
|9 59980
|
| 700 |
1 |
|
|a Bhasthi, Deepa.
|e translator.
|9 59981
|
| 942 |
|
|
|2 ddc
|c BK
|
| 999 |
|
|
|c 47665
|d 47665
|
| 952 |
|
|
|0 0
|1 0
|2 ddc
|4 0
|6 894_814371000000000_MUS
|7 0
|9 78620
|a BRACUL
|b BRACUL
|c NEW
|d 2025-12-09
|e Book Finder International
|g 495.00
|l 4
|m 10
|o 894.814371 MUS
|p 3010045231
|r 2026-04-22
|s 2026-03-08
|t 1
|v 990.00
|w 2025-12-09
|y BK
|x Requisitioned by Ayesha Abed Library.
|
| 952 |
|
|
|0 0
|1 0
|2 ddc
|4 0
|6 894_814371000000000_MUS
|7 0
|9 78621
|a BRACUL
|b BRACUL
|c GEN
|d 2025-12-09
|e Book Finder International
|g 495.00
|l 0
|o 894.814371 MUS
|p 3010045232
|r 2025-12-09
|t 2
|v 990.00
|w 2025-12-09
|y BK
|x Requisitioned by Ayesha Abed Library.
|